01690nam a2200337 a 450000100100000000500170001000800410002702000150006804000250008308200190010810000390012724501280016626000370029430000350033150000500036650400320041659000260044865000470047465000460052165000450056765000460061265000450065865000470070370000430075091000380079395201320083195201320096395201170109595201230121299900170133500002111720200930011235.0100831s2003 dr ab r 000 0 spa d a0974623636 aDO-SdBNPbspacBNPHU a970.015bR666t1 aRobiou Lamarche, Sebastián9966910aTaínos y Caribes :blas culturas aborígenes antillanas /cSebastián Robiou Lamarche ; prólogo Ricardo E. Alegría. aSan Juan :bPunto y Coma,c2003. a288 p. :bil., maps. ;c23 cm. aLa biblioteca posee la reimpresión del 2009 aBibliografía : p. 259-288 aInventariado, 2018/BT 4aIndigenas de las antillasxHistoria944150 4aTaínosxVida social y costumbres944131 4aCaribesxVida social y costumbres944151 4aTaínosxReligión y mitología944152 4aCaribesxReligión y mitología944153 4aIndigenas de las antillasxLeyendas94415412aAlegría, Ricardo E.,epról.916236 aValidado. Control de calidad. MFF 001054708DSaGRbGRcHDd2018-07-31iLF1l0o970.015 R666tp21117-30r2020-06-25te. 3w2020-06-25yLFDSZPréstamo en sala 001054708DSaGRbGRcHDd2018-07-31iLF1l0o970.015 R666tp21117-40r2020-06-25te. 4w2020-06-25yLFDSZPréstamo en sala 0010718PDaPDbPDcHDd2010-09-01iLF1l0o970.015 R666tp21117-10r2020-06-25w2020-06-25yLFPDZNo se presta 0010718PDaPDbPDcHDd2015-03-09iLF1l0o970.015 R666tp21117-20r2020-06-25te. 2w2020-06-25yLFPDZNo se presta c20619d20619